Central Library OPAC University of Rajshahi
Normal view MARC view

Entry Geographic Name

Number of records used in: 3

001 - CONTROL NUMBER

  • control field: 600

003 - CONTROL NUMBER IDENTIFIER

  • control field: BD-RjUL

005 - DATE AND TIME OF LATEST TRANSACTION

  • control field: 20220109134010.0

008 - FIXED-LENGTH DATA ELEMENTS

  • fixed length control field: 220109|| aca||aabn | a|a d

040 ## - CATALOGING SOURCE

  • Original cataloging agency: BD-RjUL
  • Transcribing agency: BD-RjUL

151 ## - HEADING--GEOGRAPHIC NAME

  • Geographic name: Islamic Empire
  • General subdivision: Kings and rulers
  • Form subdivision: Biography
  • Form subdivision: Early works to 1800

670 ## - SOURCE DATA FOUND

  • Source citation: Work cat.: (BD-RjUL)44298: دياربكري، حسين بن محمد.;; Diyārbakrī, Ḥusayn ibn Muḥammad, -1558 or 1559. 596, الجزء الاول من تاريخ الخميس في أحوال أنفس نفيس ;; al-Juzʼ al-awwal min Tārīkh al-khamīs fī aḥwāl anfas nafīs /, 1302 [1885]